Contract -1: General principles (Record no. 18629)

MARC details
000 -LEADER
fixed length control field 00452nam a2200169Ia 4500
008 - FIXED-LENGTH DATA ELEMENTS--GENERAL INFORMATION
fixed length control field 230917s9999||||xx |||||||||||||| ||und||
020 ## - ISBN
Price RS450
040 ## - CATALOGING SOURCE
-- 232969
Original cataloging agency VIVEKANANDA LIBRARY
041 ## - Language
-- English
082 ## - DDC NUMBER
Classification number 346.022 M989C
100 ## - MAIN ENTRY--PERSONAL NAME
Personal name Myneni, S R
245 #0 - TITLE STATEMENT
Title Contract -1: General principles
260 ## - PUBLICATION, DISTRIBUTION, ETC. (IMPRINT)
Place of publication, distribution, etc Hyderabad
Name of publisher, distributor, etc Asia Law Publications
Date of publication, distribution, etc 2010
300 ## - PHYSICAL DESCRIPTION
Pages 616 p.
500 ## - GENERAL NOTE
General note 2320 06/05/2016 HBD16/6577 29/06/2016 Main Budget
942 ## - ADDED ENTRY ELEMENTS (KOHA)
Koha item type Books
Holdings
Withdrawn status Lost status Damaged status Not for loan Location (home branch) Sublocation or collection (holding branch) Date acquired Koha issues (times borrowed) Koha full call number Accession No. Koha date last seen Koha item type
        VIVEKANANDA LIBRARY VIVEKANANDA LIBRARY 15/02/2017   346.022 M989C 358178 17/09/2023 Books
© Designed and Maintained by Vivekananda Library, MDU Rohtak